| 000 | 01580naa a22003977a 4500 | ||
|---|---|---|---|
| 001 | BR8501341 | ||
| 003 | BR-BrBNA | ||
| 005 | 20240918175549.0 | ||
| 007 | ta | ||
| 008 | 230509b bl.||||| |||| 00| 0 por d | ||
| 040 |
_aBR-BrBNA _bpor _cBiblioteca Nacional de Agricultura |
||
| 041 | _a(Pt) | ||
| 072 |
_aF25 _b0150 _b3869 _bG514 |
||
| 090 | _aF25 BR8501341 | ||
| 100 | 1 | _aMachado, M.O. | |
| 100 | 1 | _aDias, A.D. | |
| 100 | 1 | _aTuratti, A.L. | |
| 100 | 1 | _aZonta, E.P. | |
| 111 | 1 |
_a13. Reuniao da Cultura do Arroz Irrigado _cCamboriu, SC (Brazil) _d26-28 Sep 1984 |
|
| 245 | 1 | _aEfeito da cinza de carvao-de-pedra na cultura do arroz irrigado e sobre algumas propriedades quimicas do solo [Oryza sativa, adubacao, Rio Grande do Sul, Brasil] | |
| 246 | 1 | _a[Effect of stone coal ashes on irrigated rice crops and some chemical soil properties [Oryza sativa, fertilization, Rio Grande do Sul, Brazil]] | |
| 246 | 1 | _a[Proceedings of the 13. Meeting on Irrigated Rice Cultivation] | |
| 260 | 3 |
_aFlorianopolis, SC (Brasil): _c1984. |
|
| 500 | _aAnais da 13. Reuniao da Cultura do Arroz Irrigado Florianopolis, SC (Brasil): 1984. p. 202-210 (BR8501341-AM)F25 | ||
| 650 | _aARROZ IRRIGADO | ||
| 650 | _aCARVAO MINERAL | ||
| 650 | _aCINZA | ||
| 650 | _aSOLO | ||
| 650 | _aANALISE QUIMICA | ||
| 650 | _aADUBACAO | ||
| 650 | _aRENDIMENTO | ||
| 650 | _aRIO GRANDE DO SUL | ||
| 773 | 0 |
_tAnais da 13. Reuniao da Cultura do Arroz Irrigado _wF25 BR8501341 _gFlorianopolis, SC (Brasil), 1984. p. 202-210 |
|
| 909 |
_a202404 _bLucia _c55 _dLucia Elande |
||
| 942 |
_cAM _2AGRIS |
||
| 999 |
_c317242 _d317242 |
||